000 00532nam a22001817a 4500
003 DO-SdBNP
005 20171205104157.0
008 171122b1965 mx 00| 0 spa
040 _aBPMSU
_bspa
_cBPMSU
100 1 _aYeager , Mary Ellen
245 1 0 _aTécnica en el quirofano :
_bmanual para personal de sala de operación /
_cMary Ellen Yeager
250 _a2da.
260 _aMexico :
_bInteremericana
_c1965
300 _a313 p. ;
_b
_c28 cm
942 _2ddc
_cBK
945 _aInventariado extranjero / 2017 VM
956 _adgarcia
_b10
999 _c13010
_d13010